Loading...
| Ancient History and Archaeology | 1 | 0.00 | 0% | 0% | 0% |
| Beliefs | 11 | 8.18 | 182% | 55% | 18% |
| British and Commonwealth History | 3 | 10.00 | 133% | 67% | 67% |
| Current Events | 1 | 10.00 | 400% | 0% | 0% |
| Fine Arts - Auditory | 6 | 13.33 | 0% | 133% | 133% |
| Fine Arts - Visual | 5 | 10.00 | 0% | 120% | 80% |
| Geography | 1 | 10.00 | 400% | 0% | 0% |
| History - American | 3 | 6.67 | 133% | 67% | 0% |
| History - European | 3 | 6.67 | 133% | 0% | 67% |
| History - World | 3 | 16.67 | 267% | 67% | 133% |
| Literature - American | 3 | 13.33 | 133% | 67% | 133% |
| Literature - British | 3 | 10.00 | 133% | 67% | 67% |
| Literature - European | 3 | 6.67 | 133% | 67% | 0% |
| Other Academic | 1 | 0.00 | 0% | 0% | 0% |
| Other Arts: Auditory | 1 | 10.00 | 0% | 0% | 200% |
| Other Arts: Visual | 2 | 15.00 | 400% | 0% | 100% |
| Other Science: Astronomy | 1 | 10.00 | 0% | 200% | 0% |
| Other Science: Computer Science | 1 | 30.00 | 400% | 200% | 200% |
| Other Science: Math | 1 | 20.00 | 0% | 200% | 200% |
| Philosophy | 4 | 10.00 | 100% | 100% | 50% |
| Science - Biology | 6 | 10.00 | 133% | 67% | 67% |
| Science - Physics | 5 | 16.00 | 240% | 80% | 120% |
| Social Science | 5 | 12.00 | 160% | 40% | 120% |
| World and Other Literature | 3 | 20.00 | 267% | 133% | 133% |